000
00399nam a22001572 4500
001
0000005455
005
20151217160103.0
008
070614s xx 000 0 eng d
040
_a
KABU
_c
KABU
050
0
_a
PE1119
_b
.M38
245
1
0
_a
Matano and Makumi.
260
_a
Nairobi :
_b
OUP,
_c
1998.
300
_a
24 p.
908
_a
070614
999
_c
14025
_d
14025